Search the Library Catalogue
| 000 -LEADER | |
|---|---|
| fixed length control field | 00812nam a2200253Ia 4500 |
| 008 - FIXED-LENGTH DATA ELEMENTS--GENERAL INFORMATION | |
| fixed length control field | 191130s2001##################000#0#eng## |
| 020 ## - INTERNATIONAL STANDARD BOOK NUMBER | |
| ISBN | 9780792374763 |
| 082 ## - DEWEY DECIMAL CLASSIFICATION NUMBER | |
| Classification number | 338.9 KUP |
| 245 ## - TITLE STATEMENT | |
| Title | Coordination and growth : essays in honour of Simon K. Kuipers |
| Statement of responsibility, etc | edited by Gerard H. Kuper, Elmer Sterken, Els Wester |
| 260 ## - PUBLICATION, DISTRIBUTION, ETC. (IMPRINT) | |
| Place of publication | Dordrecht ; Boston |
| Name of publisher | Kluwer Academic Publishers |
| Year of publication | 2001 |
| 300 ## - PHYSICAL DESCRIPTION | |
| Number of Pages | xiv, 278 p. : ill. ; 24 cm |
| 500 ## - GENERAL NOTE | |
| General note | Includes bibliographical references |
| 650 ## - SUBJECT ADDED ENTRY--TOPICAL TERM | |
| Topical Term | Economists - Netherlands |
| Topical Term | Kuipers, S. K. (Simon Klaas) |
| Topical Term | Macroeconomics |
| 700 ## - ADDED ENTRY--PERSONAL NAME | |
| Personal name | Kuipers, S. K |
| Personal name | Kuper, G. H |
| Personal name | Sterken, E |
| 991 ## - | |
| -- | 189743 |
| Withdrawn status | Lost status | Damaged status | Not for loan | Home library | Current library | Shelving location | Date acquired | Full call number | Accession Number | Price effective from | Koha item type |
|---|---|---|---|---|---|---|---|---|---|---|---|
| Anna Centenary Library | Anna Centenary Library | 4TH FLOOR, A WING | 12.10.2020 | 338.9 KUP | 318260 | 12.10.2020 | English Books |